Deutschsprachige Bundesländer/Kantone/Distrikte/Regionen - Statistics

General Stats
  • This quiz has been taken 44 times
    43 since last reset
  • The average score is 23 of 53
Answer Stats
Hint Answer % Correct
Deutschland Bayern
95%
Deutschland Berlin
92%
Deutschland Hamburg
92%
Deutschland Baden-Württemberg
89%
Deutschland Bremen
89%
Deutschland Niedersachsen
76%
Deutschland Sachsen
76%
Deutschland Mecklenburg-Vorpommern
71%
Deutschland Nordrhein-Westfalen
71%
Deutschland Rheinland-Pfalz
71%
Deutschland Saarland
71%
Deutschland Hessen
68%
Deutschland Brandenburg
66%
Deutschland Sachsen-Anhalt
66%
Deutschland Schleswig-Holstein
66%
Österreich Wien
66%
Schweiz Zürich
63%
Schweiz Bern
58%
Deutschland Thüringen
58%
Italien Trentino-Südtirol
55%
Österreich Tirol
53%
Österreich Salzburg
47%
Österreich Oberösterreich
42%
Österreich Niederösterreich
39%
Österreich Burgenland
37%
Schweiz St. Gallen
37%
Österreich Steiermark
34%
Schweiz Wallis
34%
Schweiz Luzern
32%
Österreich Vorarlberg
32%
Schweiz Zug
32%
Schweiz Aargau
29%
Schweiz Basel-Stadt
29%
Österreich Kärnten
29%
Schweiz Thurgau
29%
Liechtenstein (Region Oberland) Vaduz
29%
Schweiz Graubünden
26%
Schweiz Nidwalden
26%
Schweiz Obwalden
26%
Schweiz Schwyz
26%
Schweiz Appenzell Ausserrhoden
24%
Schweiz Appenzell Innerrhoden
24%
Schweiz Freiburg
24%
Luxemburg (ehemalige Distrikte) Luxembourg
24%
Schweiz Schaffhausen
24%
Schweiz Uri
24%
Schweiz Basel-Landschaft
18%
Schweiz Solothurn
16%
Schweiz Glarus
11%
Belgien Wallonien
8%
Liechtenstein (Region Unterland) Schellenberg
3%
Luxemburg (ehemalige Distrikte) Diekirch
0%
Luxemburg (ehemalige Distrikte) Grevenmacher
0%
No matching quizzes found
Score Distribution
Percent of People with Each Score
Percentile by Number Answered
Your Score History
You have not taken this quiz since the last reset